| 000 | 00766nam a2200253 a 4500 | ||
|---|---|---|---|
| 001 | 33873 | ||
| 003 | BD-RjUL | ||
| 005 | 20211209052055.0 | ||
| 008 | 140511s1977 fr b i000 0 eng | ||
| 020 | _a9231013483 | ||
| 035 | _a(BD-RjUL)33965 | ||
| 040 |
_aLC _beng _cLC _dANL _dBD-RjUL |
||
| 041 | _aeng | ||
| 082 | 0 | 4 |
_a380.3097286 _bFOC 1977 |
| 100 | 1 |
_aFonseca, Jaime. _9102899 |
|
| 245 | 1 | 0 |
_aCommunication policies in Costa Rica : _ba study / _ccarried out by Jaime M. Fonseca. |
| 260 |
_aParis : _bUnesco, _c1977. |
||
| 300 |
_a89 p. ; _c24 cm. |
||
| 504 | _aIncludes bibliographical references. | ||
| 650 | 0 |
_aCommunication and traffic _zCosta Rica. _9102900 |
|
| 650 | 0 |
_aMass media _zCosta Rica. _9102901 |
|
| 942 |
_2ddc _cBK |
||
| 999 |
_c33873 _d33873 |
||